000 00712nam a2200193 a 4500
003 0
005 20250210084616.0
008 130126s19uu xx 00 eng d
050 _aPHS BR 613.7
_b.P235 2012
100 _aPark, Jun Hee.
245 _aExtent of perception of Catholics and non-Catholics on marriage /
_cPark Jun Hee.
260 _aLas PiƱas City, Philippines :
_bSouthville International School and Colleges,
_c2012.
300 _a40 pages :
_billustrations ;
_c28 cm.
504 _aIncludes bibliographical references.
650 _aMarriage
_xReligious aspect
_xAnalysis.
650 _aCatholic Church
_xInfluence on marriage.
650 _aReligious influences on marriage.
942 _2lcc
_cPASS
999 _c98851
_d98851